00442 2200169 4500245007300000020001800073250000900091100002100100700001600121650001600137005001900153260003700172041001400209084000800223300003200231336000900263 aThe Deadly Violin b : Five Detective QuestcAndy M. BaramulihText a979-065-168-6 a2012 aAndy M. Baramuli aNino Cicero aNovel Fiksi a20240904131016 aJakarta SelatanbVisimediac2012 aIndonesia a823 axii + 420 halaman :c200 mm atext